[Event "Olympiad Women-44"]
[Site "Chennai"]
[Date "2022.08.05"]
[Round "7.3"]
[White "Sisior, Destiny"]
[Black "Cadeau, Merisena"]
[Result "1-0"]
[WhiteElo "1298"]
[BlackElo "1439"]
[PlyCount "113"]
[EventDate "2022.07.29"]
[EventType "team-swiss"]
[EventRounds "11"]
[EventCountry "IND"]
[SourceTitle "CBM 210"]
[Source "ChessBase"]
[SourceDate "2022.10.31"]
[SourceVersion "1"]
[SourceVersionDate "2022.10.31"]
[SourceQuality "1"]
[WhiteTeam "Palau (W)"]
[BlackTeam "Haiti (W)"]
[WhiteTeamCountry "PAL"]
[BlackTeamCountry "HAI"]

1. e4 e5 2. Nc3 Nf6 3. Nf3 Nc6 4. Bc4 Bc5 5. h3 d6 6. d3 Be6 7. Bb5 h6 8. d4 exd4 9. Nxd4 Bd7 10. Bxc6 Bxc6 11. Nf5 0-0 12. 0-0 Nxe4 13. Nxh6+ Kh7 14. Nxe4 Bxe4 15. Qd2 gxh6 16. Qxh6+ Kg8 17. c3 Qd7 18. Bg5 Qf5 19. Kh1 Bd3 20. Rfd1 Bxf2 21. Rd2 Bg3 22. Bf6 Qh7 23. Qg5+ Qg6 24. Rxd3 Qxg5 25. Bxg5 Be5 26. Rf1 f6 27. Bf4 Rf7 28. g3 Kg7 29. Kg2 Re8 30. Re1 Ree7 31. Rde3 Kg6 32. Kf3 Rh7 33. h4 Rd7 34. R1e2 c5 35. Rd3 Rhe7 36. Red2 Bxf4 37. Kxf4 Re6 38. h5+ Kxh5 39. Kf5 Re5+ 40. Kxf6 Kg4 41. a4 a5 42. Rh2 Rh5 43. Rxh5 Kxh5 44. Ke6 Rg7 45. Kxd6 c4 46. Rd5+ Kg4 47. Rxa5 Kxg3 48. Rb5 Kf4 49. Rd5 Rg6+ 50. Kc5 Rc6+ 51. Kb5 Ke4 52. Rd4+ Ke5 53. Rd7 Ke6 54. Rxb7 Kd6 55. Kb4 Rc8 56. a5 Ra8 57. Kb5 1-0

[Event "Online Olym Div3 D"]
[Site "Chess.com INT"]
[Date "2021.08.28"]
[Round "5.2"]
[White "Kaslan, Catherine"]
[Black "Cadeau, Merisena"]
[Result "1-0"]
[WhiteElo "1872"]
[BlackElo "1439"]
[PlyCount "75"]
[EventDate "2021.08.27"]
[EventType "team-tourn (rapid)"]
[EventRounds "9"]
[EventCountry "USA"]
[SourceTitle "CBM 204 Extra"]
[Source "ChessBase"]
[SourceDate "2021.11.30"]
[SourceVersion "1"]
[SourceVersionDate "2021.11.30"]
[SourceQuality "1"]
[WhiteTeam "Surinam"]
[BlackTeam "Haiti"]
[WhiteTeamCountry "SUR"]
[BlackTeamCountry "HAI"]

1. e4 c5 2. Nf3 Nc6 3. d4 cxd4 4. Nxd4 d6 5. c4 Nf6 6. Nc3 a6 7. Be2 e6 8. Be3 Bd7 9. 0-0 Qc7 10. f3 Be7 11. Qd2 Rc8 12. Rfc1 0-0 13. Rab1 Ne5 14. b4 Rfe8 15. a3 Qb8 16. Nd1 Rc7 17. Nb3 Rec8 18. c5 dxc5 19. Nxc5 Bc6 20. Bf4 Rd8 21. Qc3 Bxc5+ 22. bxc5 Nd3 23. Bxd3 Rdd7 24. Bxc7 Qxc7 25. Ne3 Qd8 26. Be2 Rd2 27. Rd1 Rxd1+ 28. Rxd1 Qc7 29. Kf2 Nd7 30. Qd4 Qxh2 31. Ng4 Qc7 32. Qd6 Qc8 33. Ne5 Nf8 34. Nxc6 bxc6 35. Qe7 g6 36. Rd8 Qxd8 37. Qxd8 Kg7 38. Bxa6 1-0

[Event "Wch FIDE Online U16 Girls America qual"]
[Site "Tornelo INT"]
[Date "2020.12.03"]
[Round "5"]
[White "Cadeau, Merisena"]
[Black "Gomez Morales, Salma Patricia"]
[Result "0-1"]
[WhiteElo "1396"]
[BlackElo "1267"]
[PlyCount "96"]
[EventDate "2020.12.01"]
[EventType "swiss (rapid)"]
[EventRounds "7"]
[EventCountry "ISS"]
[SourceTitle "EXT 2022"]
[Source "ChessBase"]
[SourceDate "2021.10.06"]
[SourceVersion "1"]
[SourceVersionDate "2021.10.06"]
[SourceQuality "1"]

1. e4 e5 2. Nf3 Nc6 3. Bc4 Bc5 4. 0-0 Nf6 5. Nc3 0-0 6. d3 d6 7. h3 Be6 8. Nd5 Ne7 9. Nxf6+ gxf6 10. Bh6 Re8 11. Bxe6 fxe6 12. Nh4 Kh8 13. Qh5 Rg8 14. Be3 Ng6 15. Nxg6+ Rxg6 16. Bh6 Qe7 17. Kh2 Rag8 18. g4 Qf7 19. f3 d5 20. Rad1 Bf8 21. Bxf8 Rxf8 22. f4 Qg7 23. fxe5 fxe5 24. Rxf8+ Qxf8 25. Qxe5+ Kg8 26. Kg2 Qc5 27. c4 Qe3 28. cxd5 Qe2+ 29. Kg3 Qxd1 30. dxe6 Qxd3+ 31. Kh4 Rh6+ 32. Kg5 Qe3+ 33. Qf4 Qxf4+ 34. Kxf4 Rxe6 35. Kf5 Kf7 36. g5 c5 37. h4 b5 38. e5 b4 39. h5 c4 40. Ke4 c3 41. bxc3 bxc3 42. Kd3 Rc6 43. e6+ Kxe6 44. Kc2 Kf5 45. g6 hxg6 46. h6 Rc7 47. h7 Rxh7 48. Kxc3 Rd7 0-1

[Event "Online Olym Div4 D"]
[Site "Chess.com INT"]
[Date "2020.08.02"]
[Round "9.1"]
[White "Cadeau, Merisena"]
[Black "De Souza, Ivana Claudia Eyram"]
[Result "1-0"]
[WhiteElo "1439"]
[BlackElo "1108"]
[PlyCount "77"]
[EventDate "2020.07.31"]
[EventType "team-tourn (rapid)"]
[EventRounds "9"]
[EventCountry "USA"]
[SourceTitle "CBM 198"]
[Source "ChessBase"]
[SourceDate "2020.10.31"]
[SourceVersion "1"]
[SourceVersionDate "2020.10.31"]
[SourceQuality "1"]
[WhiteTeam "Haiti"]
[BlackTeam "Togo"]
[WhiteTeamCountry "HAI"]
[BlackTeamCountry "TOG"]

1. e4 e5 2. Nf3 Nc6 3. Bc4 Nf6 4. Nc3 Bc5 5. 0-0 d6 6. h3 a6 7. a3 Be6 8. Nd5 Nxe4 9. d3 Nf6 10. Bg5 h6 11. Bh4 g5 12. Nxf6+ Qxf6 13. Bg3 h5 14. Bxe6 fxe6 15. b4 Bb6 16. Nd2 g4 17. h4 Nd4 18. Ne4 Qe7 19. c3 Nf5 20. c4 Nxg3 21. Nxg3 Qxh4 22. c5 dxc5 23. bxc5 Bxc5 24. Qa4+ c6 25. Qc4 Ke7 26. Qxc5+ Kf6 27. Ne4+ Kf5 28. Nd6+ Kf6 29. g3 Qg5 30. Ne4+ Kf5 31. Nxg5 Kxg5 32. Qxe5+ Kh6 33. Qxe6+ Kg7 34. Rae1 Rae8 35. Qd7+ Kg6 36. Rxe8 Rxe8 37. Qxe8+ Kg7 38. Qd7+ Kh6 39. Qxb7 1-0